Every Song by Pinegrove - Statistics

General Stats
  • This quiz has been taken 34 times
  • The average score is 32 of 64
Answer Stats
Album Song % Correct
Mixtape Two(2014) Need
86%
Mixtape Two(2014) Need 2
86%
Cardinal(2016) New Friends
86%
Cardinal(2016) Old Friends
86%
Skylight(2018) Rings
86%
Skylight(2018) Skylight
82%
11:11(2022) Alaska
79%
&(2013) &
79%
Cardinal(2016) Cadmium
71%
Cardinal(2016) Aphasia
68%
Everything So Far(2014) Angelina
68%
Marigold(2020) Marigold
68%
Skylight(2018) Darkness
64%
Mixtape Two(2014) Size of the Moon
64%
Cardinal(2016) Size of the Moon
64%
&(2013) V
64%
Skylight(2018) Intrepid
61%
Marigold(2020) No Drugs
61%
Mixtape Two(2014) Problems
61%
Cardinal(2016) Visiting
61%
Cardinal(2016) Waveform
57%
11:11(2022) 11th Hour
54%
Skylight(2018) Amulets
54%
Marigold(2020) Dotted Line
54%
Skylight(2018) Portal
54%
11:11(2022) Habitat
50%
11:11(2022) Iodine
50%
11:11(2022) Let
50%
11:11(2022) Swimming
50%
Mixtape One(2010) The Metronome
50%
Meridian(2012) The Metronome
50%
Skylight(2018) Easy Enough
46%
Skylight(2018) Light On
46%
Marigold(2020) Neighbor
46%
Meridian(2012) Palisade
46%
Marigold(2020) Phase
46%
Meridian(2012) Sunday
46%
Cardinal(2016) Then Again
46%
Marigold(2020) Endless
43%
Meridian(2012) Morningtime
43%
Mixtape One(2010) On Jet Lag
43%
11:11(2022) Orange
43%
Cardinal(Bonus)(2016) Paterson + Leo
43%
Meridian(2012) Peeling Off the Bark
43%
Meridian(2012) Recycling
43%
11:11(2022) So What
43%
Marigold(2020) Spiral
43%
Marigold(2020) The Alarmist
43%
Marigold(2020) Alcove
39%
11:11(2022) Cyclone
39%
Mixtape One(2010) DAYS
39%
11:11(2022) Flora
39%
Marigold(2020) Moment
39%
&(2013) Unison
39%
Marigold(2020) Hairpin
36%
Meridian(2012) Mather Knoll
36%
&(2013) Namesake
29%
Skylight(2018) Thanksgiving
29%
Mixtape Two(2014) Overthrown
25%
11:11(2022) Respirate
25%
Meridian(2012) Over My Shoulder
21%
Non-Album(2012) Rose
21%
Non-Album(2020) Give Up
11%
Everything So Far(2014) Untitled
4%
No matching quizzes found
Score Distribution
Percent of People with Each Score
Percentile by Number Answered
Your Score History
You have not taken this quiz